[Event "ESP-ch 88th"]
[Site "Marbella"]
[Date "2023.10.13"]
[Round "1"]
[White "Sanleon Pravisano, Nieves"]
[Black "Martin Carmona, Gaston Manuel"]
[Result "1/2-1/2"]
[WhiteElo "2028"]
[BlackElo "2354"]
[PlyCount "96"]
[EventDate "2023.10.13"]
[EventType "swiss"]
[EventRounds "9"]
[EventCountry "ESP"]
[SourceTitle "Mega2024 Update 01"]
[Source "Chessbase"]
[SourceDate "2023.11.12"]
[SourceVersion "1"]
[SourceVersionDate "2023.11.12"]
[SourceQuality "1"]

1. Nf3 Nf6 2. c4 b6 3. Nc3 Bb7 4. d3 g6 5. e4 d6 6. Be2 Bg7 7. 0-0 0-0 8. h3 c5 9. Be3 Nc6 10. Qd2 Ne8 11. d4 cxd4 12. Nxd4 Nc7 13. Rfd1 Re8 14. Rac1 Rb8 15. f3 Nxd4 16. Bxd4 Qc8 17. Bxg7 Kxg7 18. Qe3 Ne6 19. Nd5 Qc5 20. Kf2 Rbc8 21. b4 Qxe3+ 22. Kxe3 Nd8 23. a3 Nc6 24. Nc3 Ra8 25. Nd5 Rac8 26. Nc3 Red8 27. f4 Kf8 28. Rc2 Ra8 29. Rcd2 f5 30. exf5 gxf5 31. Rd5 Bc8 32. R5d2 Be6 33. Bf3 Rac8 34. Bd5 Kf7 35. g4 Rg8 36. g5 Nb8 37. Bxe6+ Kxe6 38. Kd3 h6 39. Re1+ Kf7 40. Rde2 Rce8 41. Nd5 e5 42. fxe5 dxe5 43. Rxe5 Rxe5 44. Rxe5 Rxg5 45. Re7+ Kg6 46. Nf4+ Kf6 47. Nd5+ Kg6 48. Nf4+ Kf6 1/2-1/2

[Event "ESP-chT CECLUB Div2"]
[Site "Linares"]
[Date "2022.08.27"]
[Round "7.1"]
[White "Roque Sola, Andrea"]
[Black "Sanleon Pravisano, Nieves"]
[Result "1/2-1/2"]
[WhiteElo "1933"]
[BlackElo "1986"]
[PlyCount "59"]
[EventDate "2022.08.22"]
[EventType "team-swiss"]
[EventRounds "7"]
[EventCountry "ESP"]
[SourceTitle "CBM 209 Extra"]
[Source "ChessBase"]
[SourceDate "2022.09.30"]
[SourceVersion "1"]
[SourceVersionDate "2022.09.30"]
[SourceQuality "1"]
[WhiteTeam "Diagonal Alcorcon"]
[BlackTeam "Xeraco CE"]
[WhiteTeamCountry "ESP"]
[BlackTeamCountry "ESP"]

1. c4 e5 2. g3 Nc6 3. Bg2 Bc5 4. Nc3 d6 5. e3 a6 6. Nge2 Ba7 7. d4 h5 8. h3 Nf6 9. b4 0-0 10. b5 axb5 11. cxb5 Ne7 12. 0-0 Bb6 13. a4 Re8 14. dxe5 dxe5 15. Ba3 Nf5 16. Qxd8 Rxd8 17. Rfd1 Nd6 18. Kh2 Ra7 19. Bb4 Ba5 20. Bxa5 Rxa5 21. Nd5 Nxd5 22. Bxd5 Be6 23. Bxe6 fxe6 24. Nc3 Kf7 25. Ne4 Ke7 26. Nxd6 Rxd6 27. Rdc1 c6 28. bxc6 Rxc6 29. Rcb1 b6 30. Rb4 1/2-1/2

[Event "ESP-ch 87th"]
[Site "Linares"]
[Date "2022.08.13"]
[Round "3"]
[White "Sanleon Pravisano, Nieves"]
[Black "Luque Saiz, Andres"]
[Result "0-1"]
[WhiteElo "1986"]
[BlackElo "2312"]
[PlyCount "92"]
[EventDate "2022.08.11"]
[EventType "swiss"]
[EventRounds "9"]
[EventCountry "ESP"]
[SourceTitle "CBM 209 Extra"]
[Source "ChessBase"]
[SourceDate "2022.09.30"]
[SourceVersion "1"]
[SourceVersionDate "2022.09.30"]
[SourceQuality "1"]

1. d4 d5 2. c4 c6 3. Nc3 Nf6 4. Nf3 dxc4 5. a4 Bf5 6. e3 e6 7. Bxc4 Bb4 8. 0-0 Nbd7 9. Qe2 0-0 10. e4 Bg6 11. Bd3 Bh5 12. Bf4 Re8 13. e5 Nd5 14. Nxd5 cxd5 15. Qe3 Rc8 16. Ng5 Nf8 17. Nxh7 Nxh7 18. Bxh7+ Kxh7 19. Qh3 Kg6 20. g4 Bxg4 21. Qxg4+ Kh7 22. Kh1 Rh8 23. Rg1 g6 24. Rg3 Be7 25. Rag1 Kg7 26. Qf3 Rh4 27. Rg4 Rc4 28. Qe3 Qh8 29. Rxh4 Qxh4 30. Rg3 Qh5 31. Qd3 Bh4 32. Rf3 Rxd4 33. Qxd4 Qxf3+ 34. Kg1 Qg4+ 35. Kf1 Bg5 36. Be3 Qxd4 37. Bxd4 a6 38. b3 Bf4 39. Kg2 g5 40. h4 gxh4 41. Kh3 Kg6 42. Kg4 h3 43. Kxh3 Kf5 44. Kg2 Bxe5 45. Bc5 Ke4 46. Kf1 Kd3 0-1

[Event "ESP-ch 87th"]
[Site "Linares"]
[Date "2022.08.12"]
[Round "2"]
[White "Narciso Dublan, Marc"]
[Black "Sanleon Pravisano, Nieves"]
[Result "1-0"]
[WhiteElo "2455"]
[BlackElo "1986"]
[PlyCount "37"]
[EventDate "2022.08.11"]
[EventType "swiss"]
[EventRounds "9"]
[EventCountry "ESP"]
[SourceTitle "CBM 209 Extra"]
[Source "ChessBase"]
[SourceDate "2022.09.30"]
[SourceVersion "1"]
[SourceVersionDate "2022.09.30"]
[SourceQuality "1"]

1. d4 d5 2. Bf4 Nf6 3. e3 e6 4. Nd2 Bd6 5. Ngf3 c5 6. dxc5 Bxf4 7. exf4 Qc7 8. g3 Qxc5 9. Bd3 Nc6 10. c3 Bd7 11. 0-0 0-0 12. Ne5 Nxe5 13. fxe5 Ne8 14. Qe2 Nc7 15. Nb3 Qe7 16. Nd4 f5 17. exf6 gxf6 18. Nf5 Qe8 19. Qg4+ 1-0

[Event "ESP-ch U18 Rapid"]
[Site "Salobrena"]
[Date "2022.08.07"]
[Round "8"]
[White "Macias Pino, Diego"]
[Black "Sanleon Pravisano, Nieves"]
[Result "1-0"]
[WhiteElo "1968"]
[BlackElo "1679"]
[PlyCount "75"]
[EventDate "2022.08.06"]
[EventType "swiss (rapid)"]
[EventRounds "9"]
[EventCountry "ESP"]
[SourceTitle "EXT 2023"]
[Source "ChessBase"]
[SourceDate "2022.10.05"]
[SourceVersion "1"]
[SourceVersionDate "2022.10.05"]
[SourceQuality "1"]

1. e4 e5 2. Nf3 Nc6 3. Bc4 Bc5 4. c3 Nf6 5. d4 exd4 6. e5 d5 7. Bb5 Ne4 8. cxd4 Bb6 9. Nc3 0-0 10. Be3 f6 11. Qb3 Nxc3 12. Bxc6 bxc6 13. Qxc3 Bd7 14. a4 a5 15. 0-0 f5 16. Qd2 h6 17. Ne1 Qe7 18. Nd3 g5 19. f4 g4 20. Rfc1 Ra7 21. Bf2 h5 22. Qe1 Qe6 23. Qe3 Bc8 24. Bh4 Ba6 25. Nc5 Bxc5 26. Rxc5 Rb8 27. Rxa5 Rxb2 28. h3 Rbb7 29. Bf6 Bc4 30. Rxa7 Rxa7 31. Qe1 c5 32. Qh4 c6 33. Rb1 Ba6 34. Rb8+ Bc8 35. Qg5+ Kf8 36. Qh6+ Kg8 37. Qh8+ Kf7 38. Qg7+ 1-0

[Event "ESP-ch U18 Rapid"]
[Site "Salobrena"]
[Date "2022.08.06"]
[Round "2"]
[White "Lin, Ying Rui"]
[Black "Sanleon Pravisano, Nieves"]
[Result "1-0"]
[WhiteElo "2111"]
[BlackElo "1679"]
[PlyCount "93"]
[EventDate "2022.08.06"]
[EventType "swiss (rapid)"]
[EventRounds "9"]
[EventCountry "ESP"]
[SourceTitle "EXT 2023"]
[Source "ChessBase"]
[SourceDate "2022.10.05"]
[SourceVersion "1"]
[SourceVersionDate "2022.10.05"]
[SourceQuality "1"]

1. d4 d5 2. Nf3 Nf6 3. c4 e6 4. g3 Be7 5. Bg2 0-0 6. 0-0 b6 7. Nc3 Bb7 8. Ne5 Nbd7 9. Bf4 Re8 10. Rc1 Nxe5 11. dxe5 Ne4 12. Nxe4 dxe4 13. Qc2 c5 14. Rcd1 Qc7 15. Bxe4 Bxe4 16. Qxe4 Rad8 17. Be3 Rd7 18. h4 Red8 19. Rxd7 Qxd7 20. b3 h5 21. Kg2 a6 22. Rc1 Qc7 23. Rc3 a5 24. Rd3 Rxd3 25. exd3 g6 26. Bg5 Bxg5 27. hxg5 Qd7 28. a4 Kf8 29. Kf3 Ke7 30. Ke3 Qc7 31. f3 Ke8 32. d4 cxd4+ 33. Qxd4 Qe7 34. Qxb6 Qxg5+ 35. Ke4 Qf5+ 36. Kd4 Qxf3 37. Qb8+ Ke7 38. Qd6+ Ke8 39. c5 Qg4+ 40. Kc3 Qxg3+ 41. Kc4 Qf4+ 42. Kb5 Qb4+ 43. Ka6 h4 44. c6 Qe1 45. c7 Qe2+ 46. Kxa5 Qe1+ 47. b4 1-0

[Event "ESP-chT CECLUB Div2"]
[Site "Linares"]
[Date "2021.08.11"]
[Round "4.2"]
[White "Rubio Tent, Francisco"]
[Black "Sanleon Pravisano, Nieves"]
[Result "1-0"]
[WhiteElo "2331"]
[BlackElo "1864"]
[PlyCount "97"]
[EventDate "2021.08.09"]
[EventType "team-swiss"]
[EventRounds "7"]
[EventCountry "ESP"]
[SourceTitle "CBM 203 Extra"]
[Source "ChessBase"]
[SourceDate "2021.09.30"]
[SourceVersion "1"]
[SourceVersionDate "2021.09.30"]
[SourceQuality "1"]
[WhiteTeam "Silla Bosch Serinsys II"]
[BlackTeam "Xeraco CE"]
[WhiteTeamCountry "ESP"]
[BlackTeamCountry "ESP"]

1. e4 e5 2. Nf3 Nc6 3. Bb5 a6 4. Ba4 Nf6 5. d3 b5 6. Bb3 Be7 7. 0-0 d6 8. c3 0-0 9. Re1 Na5 10. Bc2 c5 11. Nbd2 Nc6 12. Nf1 h6 13. Ng3 Qc7 14. h3 Rd8 15. Nh4 Bf8 16. Qf3 Nh7 17. Nhf5 Ne7 18. h4 Qc6 19. Be3 Nxf5 20. Nxf5 Bxf5 21. Qxf5 Qd7 22. Qf3 Qe6 23. g3 a5 24. a4 b4 25. Qd1 Rab8 26. Bb3 Qd7 27. Bc4 Nf6 28. Qf3 Qg4 29. Qg2 Qd7 30. Bd2 Kh7 31. Qf3 Rb7 32. Kg2 Qg4 33. Qe3 Nh5 34. Kh2 Qg6 35. Rad1 Be7 36. Qf3 Rf8 37. Be3 Rbb8 38. d4 Nf6 39. Bc1 bxc3 40. bxc3 cxd4 41. cxd4 Rb4 42. Be2 Kg8 43. Ba3 Rxd4 44. Rxd4 exd4 45. e5 Nd7 46. exd6 Bd8 47. Bb5 Nf6 48. d7 Ng4+ 49. Kh3 1-0

[Event "Sitges Sunway 7th"]
[Site "Sitges"]
[Date "2020.12.17"]
[Round "5"]
[White "Sanleon Pravisano, Nieves"]
[Black "Silva, Pedro Gil Ferreira"]
[Result "1/2-1/2"]
[WhiteElo "1847"]
[BlackElo "2100"]
[PlyCount "79"]
[EventDate "2020.12.13"]
[EventType "swiss"]
[EventRounds "10"]
[EventCountry "ESP"]
[SourceTitle "CBM 199 Extra"]
[Source "ChessBase"]
[SourceDate "2021.01.31"]
[SourceVersion "1"]
[SourceVersionDate "2021.01.31"]
[SourceQuality "1"]

1. d4 d5 2. c4 Nc6 3. Nf3 Bg4 4. cxd5 Bxf3 5. dxc6 Bxc6 6. Nc3 Nf6 7. f3 e5 8. dxe5 Nd7 9. e4 Nxe5 10. Be3 Qh4+ 11. Bf2 Qf6 12. Be2 Rd8 13. Qc2 Bd6 14. 0-0 0-0 15. Rad1 Qh6 16. g3 Qh5 17. Be3 f5 18. f4 Ng4 19. Bxg4 Qxg4 20. e5 Be7 21. Qb3+ Kh8 22. Nd5 Rxd5 23. Rxd5 Bxd5 24. Qxd5 Qe2 25. Qd2 Qb5 26. Rd1 h6 27. Qd7 Qe2 28. Qd2 Qf3 29. Rf1 Qe4 30. Qd4 Qxd4 31. Bxd4 Rd8 32. Be3 Kg8 33. Kf2 Kf7 34. Ke2 Ke6 35. Rc1 c6 36. a3 a6 37. Bc5 Bxc5 38. Rxc5 g5 39. Rc3 Rd4 40. Rd3 1/2-1/2

[Event "Sitges Sunway 7th"]
[Site "Sitges"]
[Date "2020.12.16"]
[Round "4"]
[White "Sanchez Lopez, Juan Manuel"]
[Black "Sanleon Pravisano, Nieves"]
[Result "0-1"]
[WhiteElo "2085"]
[BlackElo "1847"]
[PlyCount "128"]
[EventDate "2020.12.13"]
[EventType "swiss"]
[EventRounds "10"]
[EventCountry "ESP"]
[SourceTitle "CBM 199 Extra"]
[Source "ChessBase"]
[SourceDate "2021.01.31"]
[SourceVersion "1"]
[SourceVersionDate "2021.01.31"]
[SourceQuality "1"]

1. c4 e5 2. g3 Nc6 3. Bg2 Bc5 4. Nc3 a6 5. e3 Ba7 6. Nge2 d6 7. d4 h5 8. h4 Nf6 9. Nd5 Nxd5 10. cxd5 Ne7 11. dxe5 dxe5 12. Nc3 Nf5 13. b3 Nd6 14. Bb2 Bg4 15. Bf3 Qd7 16. Bxg4 hxg4 17. Qc2 0-0-0 18. 0-0-0 Rde8 19. Kb1 Kb8 20. Rc1 Rh5 21. Rhd1 Rf5 22. Ba1 Rf6 23. Na4 Nb5 24. Bb2 Qf5 25. Qxf5 Rxf5 26. Rd2 f6 27. Rc4 e4 28. Nc5 Nd6 29. Rcc2 Bxc5 30. Rxc5 Rd8 31. a4 b6 32. Rc6 Nc8 33. Re6 Rfxd5 34. Rxd5 Rxd5 35. Rxe4 f5 36. Re8 g6 37. Be5 Kb7 38. Bf4 Nd6 39. Rg8 Ne4 40. Rxg6 Rd1+ 41. Kb2 Rd2+ 42. Kc1 Rxf2 43. h5 Rf1+ 44. Kc2 Rf2+ 45. Kd1 Rf1+ 46. Ke2 Ra1 47. Be5 Ra2+ 48. Kf1 Nd2+ 49. Ke1 Nf3+ 50. Kf1 Nxe5 51. Rg5 Ra1+ 52. Kf2 Ra2+ 53. Kf1 Kc6 54. Rxf5 Kd5 55. Rf2 Rxf2+ 56. Kxf2 Ke4 57. h6 c5 58. h7 Ng6 59. Ke2 b5 60. a5 c4 61. bxc4 bxc4 62. Kd2 Kf3 63. Kc3 Kxg3 64. Kxc4 Kf3 0-1

[Event "ESP-chT CECLUB Div2"]
[Site "Linares"]
[Date "2020.08.28"]
[Round "6.5"]
[White "Sanleon Pravisano, Nieves"]
[Black "Galvan Cipriani, Viviana"]
[Result "0-1"]
[WhiteElo "1864"]
[BlackElo "2104"]
[PlyCount "64"]
[EventDate "2020.08.24"]
[EventType "team-tourn"]
[EventRounds "6"]
[EventCountry "ESP"]
[SourceTitle "CBM 198 Extra"]
[Source "ChessBase"]
[SourceDate "2020.11.30"]
[SourceVersion "1"]
[SourceVersionDate "2020.11.30"]
[SourceQuality "1"]
[WhiteTeam "Xeraco CE"]
[BlackTeam "Barcelona CE"]
[WhiteTeamCountry "ESP"]
[BlackTeamCountry "ESP"]

1. d4 c5 2. d5 Nf6 3. c4 e6 4. Nc3 exd5 5. cxd5 d6 6. e4 g6 7. Bd3 Bg7 8. h3 0-0 9. Nf3 b5 10. 0-0 b4 11. Nb1 a5 12. Re1 Nbd7 13. Nbd2 Nb6 14. Nc4 Nxc4 15. Bxc4 Nd7 16. Bg5 Qc7 17. Rb1 Nb6 18. Nd2 Bd7 19. Bf4 Kh8 20. Bg3 f5 21. f3 Bd4+ 22. Kh1 f4 23. Bh2 Rae8 24. Qc2 a4 25. Bd3 a3 26. b3 Bc3 27. Rec1 Re5 28. Nc4 Rh5 29. Nxb6 Qxb6 30. Bf1 g5 31. Qd3 Bd4 32. Bg1 Bxg1 0-1

[Event "ESP-ch U16"]
[Site "Salobrena"]
[Date "2020.08.10"]
[Round "2"]
[White "Sanleon Pravisano, Nieves"]
[Black "Guillermo Gonzalez, Alvaro"]
[Result "0-1"]
[WhiteElo "1864"]
[BlackElo "2106"]
[PlyCount "60"]
[EventDate "2020.08.10"]
[EventType "swiss"]
[EventRounds "9"]
[EventCountry "ESP"]
[SourceTitle "EXT 2021"]
[Source "ChessBase"]
[SourceDate "2020.10.23"]
[SourceVersion "1"]
[SourceVersionDate "2020.10.23"]
[SourceQuality "1"]

1. d4 Nf6 2. c4 g6 3. Nc3 d5 4. cxd5 Nxd5 5. e4 Nxc3 6. bxc3 Bg7 7. Nf3 c5 8. Be3 Qa5 9. Qd2 0-0 10. Rc1 Bg4 11. Be2 Nd7 12. d5 c4 13. h3 Bxf3 14. Bxf3 Nc5 15. Bxc5 Qxc5 16. 0-0 b5 17. Rfe1 Be5 18. Rc2 a5 19. Rec1 Ra6 20. a4 Rb8 21. axb5 Rxb5 22. Ra2 a4 23. Rca1 a3 24. Bd1 Rb3 25. Rc1 Rab6 26. Rcc2 Rb1 27. Kf1 R6b3 28. g3 Qa5 29. Ke2 Rxc3 30. Rxc3 Bxc3 0-1

[Event "ESP-ch U18"]
[Site "Salobrena"]
[Date "2019.07.25"]
[Round "6"]
[White "Cabanas Lopez, Manuel Anxo"]
[Black "Sanleon Pravisano, Nieves"]
[Result "1/2-1/2"]
[WhiteElo "1603"]
[BlackElo "1925"]
[PlyCount "107"]
[EventDate "2019.07.22"]
[EventType "swiss"]
[EventRounds "9"]
[EventCountry "ESP"]
[SourceTitle "CBM 191 Extra"]
[Source "ChessBase"]
[SourceDate "2019.09.30"]
[SourceVersion "1"]
[SourceVersionDate "2019.09.30"]
[SourceQuality "1"]

1. d4 d5 2. Bf4 Nf6 3. Nf3 e6 4. e3 c5 5. c3 Nc6 6. Bd3 Bd6 7. Bg3 0-0 8. Nbd2 b6 9. Ne5 Ne7 10. Qe2 Bb7 11. Bh4 Ne4 12. Nxe4 dxe4 13. Bc4 Qc7 14. f4 exf3 15. Nxf3 Nf5 16. Bf2 cxd4 17. exd4 a6 18. Bd3 b5 19. a3 Bd5 20. Be4 Bc4 21. Bd3 Rab8 22. 0-0 Bd5 23. Be4 Bb3 24. Bc2 Bxc2 25. Qxc2 Ne7 26. Rfe1 a5 27. Qe2 Rfc8 28. Rac1 Nd5 29. Ne5 Nf4 30. Qf3 Bxe5 31. Rxe5 Nd5 32. Rxd5 exd5 33. Bg3 Qd7 34. Bxb8 Rxb8 35. Re1 f6 36. Qe2 Kf7 37. Qh5+ Kg8 38. Qe2 b4 39. axb4 axb4 40. Qe6+ Qxe6 41. Rxe6 bxc3 42. bxc3 Rc8 43. Re3 Kf7 44. Kf2 g5 45. g4 Rb8 46. h3 Rb2+ 47. Kg3 Kg6 48. Re8 Rb3 49. Rg8+ Kf7 50. Rc8 Ke6 51. Rc6+ Kf7 52. Rc8 Ke6 53. Rc6+ Kf7 54. Rc8 1/2-1/2

[Event "Quart de Poblet op 6th"]
[Site "Quart de Poblet"]
[Date "2018.08.31"]
[Round "5"]
[White "Sanleon Pravisano, Nieves"]
[Black "Luque Saiz, Andres"]
[Result "0-1"]
[WhiteElo "1858"]
[BlackElo "1994"]
[PlyCount "98"]
[EventDate "2018.08.27"]
[EventType "swiss"]
[EventRounds "9"]
[EventCountry "ESP"]
[SourceTitle "EXT 2024"]
[Source "ChessBase"]
[SourceDate "2023.10.10"]
[SourceVersion "1"]
[SourceVersionDate "2023.10.10"]
[SourceQuality "1"]

1. d4 d5 2. c4 c6 3. Nc3 Nf6 4. Nf3 a6 5. Bf4 dxc4 6. a4 Nd5 7. Bxb8 Rxb8 8. a5 b5 9. axb6 Qxb6 10. Na4 Qb4+ 11. Qd2 c3 12. Nxc3 Qxb2 13. Qxb2 Rxb2 14. Na4 Rb4 15. Nc5 Nc7 16. e3 e6 17. Nd3 Rb6 18. Nfe5 f6 19. Nc4 Rb5 20. g3 Kd7 21. Bg2 Nd5 22. 0-0 Nb4 23. Nf4 Be7 24. Rfd1 Nd5 25. Ne2 Bb4 26. e4 Ne7 27. Nf4 Bb7 28. Nd3 Kc7 29. Ra4 a5 30. Bh3 f5 31. Nf4 Bc8 32. f3 Rd8 33. Bf1 e5 34. Ne2 exd4 35. Nxd4 Bc5 36. Kh1 Rxd4 37. Rxd4 Bxd4 38. Nxa5 Rb1 39. Rxd4 Rxf1+ 40. Kg2 Ra1 41. Nb3 Ra2+ 42. Kg1 Ra3 43. Nd2 c5 44. Rc4 Kc6 45. exf5 Bxf5 46. Rf4 g5 47. Rc4 Rd3 48. Ne4 Bxe4 49. fxe4 Rd4 0-1

[Event "Quart de Poblet op 6th"]
[Site "Quart de Poblet"]
[Date "2018.08.28"]
[Round "2"]
[White "Lara Lopez, Sergio"]
[Black "Sanleon Pravisano, Nieves"]
[Result "1-0"]
[WhiteElo "2227"]
[BlackElo "1858"]
[PlyCount "65"]
[EventDate "2018.08.27"]
[EventType "swiss"]
[EventRounds "9"]
[EventCountry "ESP"]
[SourceTitle "EXT 2024"]
[Source "ChessBase"]
[SourceDate "2023.10.10"]
[SourceVersion "1"]
[SourceVersionDate "2023.10.10"]
[SourceQuality "1"]

1. e4 c5 2. Nc3 d6 3. f4 Nc6 4. Bc4 Nf6 5. Nf3 e6 6. 0-0 a6 7. Bb3 b5 8. d3 Be7 9. Qe1 Qb6 10. Kh1 0-0 11. Qg3 a5 12. a4 b4 13. Ne2 Ba6 14. e5 Nd7 15. f5 Ndxe5 16. Nxe5 Nxe5 17. f6 Bxf6 18. Rxf6 Ng6 19. Rf2 d5 20. Be3 Qc6 21. h4 f6 22. h5 Ne5 23. Bh6 Ra7 24. d4 Nc4 25. Bxc4 Bxc4 26. Re1 Kh8 27. Rxf6 Rg8 28. Qe5 Qc7 29. Qxc7 Rxc7 30. Bf4 gxf6 31. Bxc7 cxd4 32. Nxd4 e5 33. Rxe5 1-0

[Event "ESP-chT CECLUB Div2"]
[Site "Linares"]
[Date "2018.08.17"]
[Round "5.5"]
[White "Sanleon Pravisano, Nieves"]
[Black "Guillo Longares, Cecilia"]
[Result "0-1"]
[WhiteElo "1858"]
[BlackElo "2030"]
[PlyCount "62"]
[EventDate "2018.08.14"]
[EventType "team-swiss"]
[EventRounds "7"]
[EventCountry "ESP"]
[SourceTitle "CBM 186 Extra"]
[Source "ChessBase"]
[SourceDate "2018.08.24"]
[SourceVersion "1"]
[SourceVersionDate "2018.08.24"]
[SourceQuality "1"]
[WhiteTeam "Xeraco CE"]
[BlackTeam "Casareno iAcere"]
[WhiteTeamCountry "ESP"]
[BlackTeamCountry "ESP"]

1. d4 Nf6 2. c4 c5 3. d5 e6 4. Nc3 exd5 5. cxd5 d6 6. e4 g6 7. h3 Bg7 8. Nf3 0-0 9. Bd3 a6 10. a4 Re8 11. 0-0 Nbd7 12. Bf4 Qe7 13. Re1 Nh5 14. Bh2 Ne5 15. Be2 Nxf3+ 16. Bxf3 Be5 17. g3 Nf6 18. Bg2 Bd4 19. Qd2 Qc7 20. Kh1 Bd7 21. g4 b5 22. f4 bxa4 23. Nxa4 Rab8 24. Nc3 Bb5 25. Nxb5 Rxb5 26. Rxa6 Rxb2 27. Qc1 Qb7 28. Rxd6 Nxe4 29. Bxe4 Rxe4 30. Bg3 Rxe1+ 31. Bxe1 Qe7 0-1

[Event "Mislata op-C 52nd"]
[Site "Mislata"]
[Date "2018.08.09"]
[Round "6"]
[White "Sanleon Pravisano, Nieves"]
[Black "Galvan Cipriani, Viviana"]
[Result "0-1"]
[WhiteElo "1858"]
[BlackElo "1928"]
[PlyCount "126"]
[EventDate "2018.08.06"]
[EventType "swiss"]
[EventRounds "9"]
[EventCountry "ESP"]
[SourceTitle "EXT 2024"]
[Source "ChessBase"]
[SourceDate "2023.10.10"]
[SourceVersion "1"]
[SourceVersionDate "2023.10.10"]
[SourceQuality "1"]

1. d4 Nf6 2. c4 c5 3. d5 e6 4. Nc3 exd5 5. cxd5 d6 6. e4 g6 7. h3 Bg7 8. Nf3 0-0 9. Qc2 Re8 10. Be3 Bd7 11. Nd2 Na6 12. Be2 Rb8 13. a4 Nb4 14. Qb1 a6 15. Nc4 Bf8 16. a5 Bb5 17. b3 Bg7 18. Ra3 Qe7 19. Bf3 Nd7 20. Na2 Nxa2 21. Rxa2 Bxc4 22. bxc4 b5 23. axb6 Rxb6 24. Qc2 Nf6 25. Bg5 Qb7 26. 0-0 Nd7 27. Qa4 Ra8 28. Qa5 Rb3 29. Be7 Bc3 30. Qa4 Rb4 31. Qc2 Be5 32. Bg5 Bg7 33. Bd2 Rb3 34. Ba5 Rb8 35. Bd1 Rb1 36. Qa4 Qc8 37. Bc2 R1b7 38. Qc6 Ne5 39. Qxd6 Nxc4 40. Qxa6 Nxa5 41. Rxa5 c4 42. Ba4 Qd8 43. Bc6 Rb6 44. Qa7 c3 45. Rc5 Rb4 46. Re1 Bd4 47. d6 Qxd6 48. Rd5 Qf6 49. Rxd4 Qxd4 50. Qxd4 Rxd4 51. Rc1 Rc8 52. Rxc3 Rd6 53. Re3 Rdxc6 54. Kh2 Rc3 55. Re1 Rc2 56. f3 R8c3 57. Kg3 Kg7 58. Rd1 Re3 59. Rg1 Ree2 60. h4 h5 61. Kh3 Kf6 62. Kh2 Ke5 63. Kg3 f6 0-1

[Event "Benimodo op U2200 12th"]
[Site "Benimodo"]
[Date "2017.08.20"]
[Round "6"]
[White "Lopez Diaz, Rafael"]
[Black "Sanleon Pravisano, Nieves"]
[Result "0-1"]
[WhiteElo "1715"]
[BlackElo "1856"]
[PlyCount "94"]
[EventDate "2017.08.18"]
[EventType "swiss"]
[EventRounds "7"]
[EventCountry "ESP"]
[SourceTitle "EXT 2019"]
[Source "ChessBase"]
[SourceDate "2018.10.10"]
[SourceVersion "1"]
[SourceVersionDate "2018.10.10"]
[SourceQuality "1"]

1. d4 f5 2. c4 Nf6 3. Nc3 g6 4. Nh3 Bg7 5. Bf4 c6 6. Qd3 d5 7. e3 0-0 8. Be2 Na6 9. a3 Be6 10. Ng5 Bd7 11. Be5 Rc8 12. b4 Nc7 13. 0-0 Ne6 14. Nxe6 Bxe6 15. c5 Ne4 16. Bxg7 Kxg7 17. f3 Nxc3 18. Qxc3 Qc7 19. f4 Rh8 20. a4 h6 21. b5 g5 22. g3 g4 23. Rfb1 h5 24. b6 axb6 25. Rxb6 Rcg8 26. Rab1 Bc8 27. a5 h4 28. a6 bxa6 29. Qa5 hxg3 30. hxg3 Rh3 31. Kg2 Rgh8 32. Rg1 Qd7 33. Qa4 Qe6 34. Qxc6 Qe4+ 35. Kf1 Rh1 36. Qg6+ Kf8 37. Rf6+ exf6 38. Qxf6+ Ke8 39. Qg6+ Ke7 40. Qg7+ Kd8 41. Qf6+ Qe7 42. Qb6+ Ke8 43. Qg6+ Kf8 44. Qb6 Rxg1+ 45. Kxg1 Qxe3+ 46. Kf1 Rh1+ 47. Kg2 Qg1# 0-1